|
|
|
|
| LEADER |
02477nam a22004213i 4500 |
| 001 |
EBC6422619 |
| 003 |
MiAaPQ |
| 005 |
20231204023215.0 |
| 006 |
m o d | |
| 007 |
cr cnu|||||||| |
| 008 |
231204s2015 xx o ||||0 eng d |
| 020 |
|
|
|a 9781137448880
|q (electronic bk.)
|
| 020 |
|
|
|z 9781137448873
|
| 035 |
|
|
|a (MiAaPQ)EBC6422619
|
| 035 |
|
|
|a (Au-PeEL)EBL6422619
|
| 035 |
|
|
|a (OCoLC)1231609623
|
| 040 |
|
|
|a MiAaPQ
|b eng
|e rda
|e pn
|c MiAaPQ
|d MiAaPQ
|
| 050 |
|
4 |
|a Q124.6-127.2
|
| 082 |
0 |
|
|a 616.890081
|
| 100 |
1 |
|
|a Haggett, Alison.
|
| 245 |
1 |
2 |
|a A History of Male Psychological Disorders in Britain, 1945-1980.
|
| 250 |
|
|
|a 1st ed.
|
| 264 |
|
1 |
|a London :
|b Palgrave Macmillan UK,
|c 2015.
|
| 264 |
|
4 |
|c Ã2015.
|
| 300 |
|
|
|a 1 online resource (229 pages)
|
| 336 |
|
|
|a text
|b txt
|2 rdacontent
|
| 337 |
|
|
|a computer
|b c
|2 rdamedia
|
| 338 |
|
|
|a online resource
|b cr
|2 rdacarrier
|
| 490 |
1 |
|
|a Mental Health in Historical Perspective Series
|
| 505 |
0 |
|
|a Cover -- Title Page -- Copyright Page -- Table of Content -- List of Figures and Tables -- Acknowledgements -- List of Abbreviations -- Introduction -- 1 Psychological Illness and General Practice -- 2 Mental Health at Work: Misconceptions and Missed Opportunities -- 3 Men, Alcohol and Coping -- 4 Pharmacological Solutions -- 5 Special Cases: Sick Doctors and Ethnic Presentations of Psychological Illness -- Conclusion -- Appendix -- Notes -- Bibliography -- Index.
|
| 520 |
|
|
|a This book is open access under a CC BY license and explores the under-researched history of male mental illness from the mid-twentieth century. It argues that statistics suggesting women have been more vulnerable to depression and anxiety are misleading since they underplay a host of alternative presentations of 'distress' more common in men.
|
| 588 |
|
|
|a Description based on publisher supplied metadata and other sources.
|
| 590 |
|
|
|a Electronic reproduction. Ann Arbor, Michigan : ProQuest Ebook Central, 2023. Available via World Wide Web. Access may be limited to ProQuest Ebook Central affiliated libraries.
|
| 655 |
|
4 |
|a Electronic books.
|
| 776 |
0 |
8 |
|i Print version:
|a Haggett, Alison
|t A History of Male Psychological Disorders in Britain, 1945-1980
|d London : Palgrave Macmillan UK,c2015
|z 9781137448873
|
| 797 |
2 |
|
|a ProQuest (Firm)
|
| 830 |
|
0 |
|a Mental Health in Historical Perspective Series
|
| 856 |
4 |
0 |
|u https://ebookcentral.proquest.com/lib/matrademy/detail.action?docID=6422619
|z Click to View
|